Word Ladder: Land of the Rising Sun Quiz Stats

 Plays Quiz Updated Jun 10, 2019

Score 0/20 Timer 02:30
1 Play Today
Clue 3-Letter Answer % Correct
• Used to unlock doors •• KEY •
98.6%
• A single digit of the foot •• TOE •
98.2%
Golf ball standTEE
97.5%
Common rodentRAT
97.2%
Beam of lightRAY
97%
DecayROT
96%
Animal hand or footPAW
93.5%
Star Wars protagonist of episodes 7 and 8REY
92.3%
A small roundish markDOT
92.1%
___-Humbug!BAH
91.9%
Clue 3-Letter Answer % Correct
Count your fingersTEN
91.6%
Bone supporting the teethJAW
91.4%
ForbidBAN
91%
Griffey Jr. or Griffey Sr., for exampleKEN
89.8%
• Cooking implement •• PAN •
88.4%
• Rastafarian term for God •• JAH •
85.4%
Homer's famous interjectionD'OH!
84.4%
'Good' in FrenchBON
84.4%
Hither and ___YON
64.2%
• ___ Asakura - protagonist of 'Shaman King' manga •• YOH •
58.7%

Today's Daily Dose

You're not logged in!

Compare scores with friends on all Sporcle quizzes.
OR
Log In

Sporcle TV

Today on Sporcle TV


Watch our educational content, quiz creation guides, and fun videos on Sporcle TV.

Show Comments

Extras

Top Quizzes Today


Score Distribution

Your Account Isn't Verified!

In order to create a playlist on Sporcle, you need to verify the email address you used during registration. Go to your Sporcle Settings to finish the process.

Report this User

Report this user for behavior that violates our Community Guidelines.

Details: